000 00324nam a22001457a 4500
003 SGT
020 _a978-93-88527-75-0
100 _aDEOLEKAR, PRADNYA
245 _aMCQ;S IN PHARMACOLOGY
250 _a1st
260 _aCBS, PUB
_bDELHI
_c2019
650 _aMCQ;S, PHARMACOLOGY
653 _aPHARMACOLOGY
942 _2ddc
_cBK
999 _c24672
_d24672